Quizzes
Events
Quiz Creation
Community
Videos
Private Events
Remove Ads
Sign In
Join for FREE
Feedback
Dark Mode
Quiz Categories
Sports
Geography
Music
Movies
Television
Just For Fun
Miscellaneous
History
Literature
Language
Science
Gaming
Entertainment
Religion
Holiday
For Kids
Quiz Lab
Recent
Popular Today
Quiz Kudos Today
Editor Picks
Curator Picks
Quizzes by...
Day
Popularity
Type
Ratings
Length
Year
Community
Subscriptions
Recent Discussions
Orange Saloon
Badges
Playlists
Quests
Create
Leaderboards
Showdown
Live 5
Trivia Bingo
Activity
Puzzle Library
Sporcle Events
Private Events
Virtual Trivia
Globe League
Become a Host
Pub Owners
SporcleCon
Opinionation
Our Games
Videos
Blog
Mobile Apps
Partnerships
Remove Ads and Go Orange
Feedback
Sports
Athletes
MLB
NBA
NHL
NFL
Soccer
Sports Teams
WWE
NCAA
Football
Premier League
Basketball
Baseball
Hockey
Golf
Tennis
Cricket
Rugby
Auto Racing
Olympics
World Cup
Sports
Athletes
MLB
NBA
NHL
NFL
Soccer
Sports Teams
WWE
NCAA
Football
Premier League
Basketball
Baseball
Hockey
Golf
Tennis
Cricket
Rugby
Auto Racing
Olympics
World Cup
Random Quiz
Search Sporcle
×
Quiz Lab
Quiz Lab
Sports
MLB
Type in answers that appear in a list
Type in answers that appear in a list
Classic
Best Score? Go Orange.
MLB Yearly Home Run Leaders 2010-2018 Stats
Can you name the MLB Home Run Leaders each year from 2010-2018?
By
aperronenyy27
15m
270 Questions
935 Plays
935 Plays
935 Plays
Comments
Comments
Give Quiz Kudos
Give Quiz Kudos
-
- Ratings
hide this ad
More Info
Replay
Link that replays current quiz
Next Quiz
Link to next quiz in quiz playlist
You Got
0%
They Got
Avg Score
66%
Avg Friend Score
Upgrade to see
Score Distribution
Jump to the score distribution portion of the page
Score
0/270
Timer
15:00
0
Plays Today
Year
Answer
% Correct
2010
Jose Bautista
98.4%
2010
Miguel Cabrera
98.4%
2011
Jose Bautista
98.4%
2011
Miguel Cabrera
98.4%
2012
Miguel Cabrera
98.4%
2013
Miguel Cabrera
98.4%
2013
Jose Bautista
98.4%
2014
Jose Bautista
98.4%
2014
Miguel Cabrera
98.4%
2015
Jose Bautista
98.4%
2010
Albert Pujols
98.2%
2011
Albert Pujols
98.2%
2012
Albert Pujols
98.2%
2014
Albert Pujols
98.2%
2015
Albert Pujols
98.2%
2017
Giancarlo Stanton
98.1%
2017
Khris Davis
98.1%
2016
Miguel Cabrera
97.9%
2016
Albert Pujols
97.9%
2014
Brian McCann
97.8%
2018
Giancarlo Stanton
97.6%
2012
Chris Davis
97.3%
2013
Chris Davis
97.3%
2014
Chris Davis
97.3%
2015
Chris Davis
97.3%
2016
Khris Davis
97.3%
2016
Chris Davis
97.3%
2015
Khris Davis
97.2%
2018
Khris Davis
97.2%
2017
Mike Trout
96.7%
2012
Ike Davis
96.7%
2011
Giancarlo Stanton
96.5%
2012
Giancarlo Stanton
96.5%
2014
Giancarlo Stanton
96.5%
2015
Giancarlo Stanton
96.5%
2018
Mike Trout
96.4%
2012
Mike Trout
96.3%
2013
Mike Trout
96.3%
2014
Mike Trout
96.3%
2015
Mike Trout
96.3%
2017
Aaron Judge
96.1%
2017
JD Martinez
95.9%
2010
Joey Votto
95.8%
2011
Joey Votto
95.8%
2015
Joey Votto
95.8%
2018
Bryce Harper
95.6%
2017
Joey Votto
95.6%
2018
JD Martinez
95.2%
2015
Bryce Harper
95.2%
2010
Carlos Gonzalez
94.9%
2010
David Ortiz
94.9%
2011
David Ortiz
94.9%
2013
David Ortiz
94.9%
2013
Carlos Gonzalez
94.9%
2014
David Ortiz
94.9%
2015
Carlos Gonzalez
94.9%
2015
David Ortiz
94.9%
2018
Nolan Arenado
94.8%
2017
Nolan Arenado
94.8%
2010
Adrian Gonzalez
94.7%
2014
Adrian Gonzalez
94.7%
2015
Adrian Gonzalez
94.7%
2017
Nelson Cruz
94.5%
2017
Manny Machado
94.5%
2018
Manny Machado
94.4%
2016
Nolan Arenado
94.3%
2011
Nelson Cruz
94.2%
2013
Nelson Cruz
94.2%
2014
Nelson Cruz
94.2%
2015
Nelson Cruz
94.2%
2018
Jose Ramirez
94%
2016
David Ortiz
94%
2016
Nelson Cruz
93.8%
2012
Edwin Encarnacion
93.7%
2013
Edwin Encarnacion
93.7%
2014
Edwin Encarnacion
93.7%
2015
Edwin Encarnacion
93.7%
2018
Nelson Cruz
93.2%
2016
Yoenis Cespedes
93.2%
2010
Alex Rodriguez
93%
2015
Alex Rodriguez
93%
2015
JD Martinez
92.9%
2016
Edwin Encarnacion
92.9%
2011
Ryan Braun
92.8%
2012
Ryan Braun
92.8%
2011
Robinson Cano
92.7%
2014
Josh Donaldson
92.7%
2015
Josh Donaldson
92.7%
2014
Victor Martinez
92.6%
2016
Manny Machado
92.4%
Year
Answer
% Correct
2013
Paul Goldschmidt
92.3%
2015
Paul Goldschmidt
92.3%
2017
Edwin Encarnacion
92.3%
2017
Paul Goldschmidt
92.3%
2017
Anthony Rizzo
92%
2015
Nolan Arenado
92%
2016
Robinson Cano
91.8%
2014
Jose Abreu
91.8%
2015
Jose Abreu
91.8%
2012
Adam Jones
91.7%
2013
Adam Jones
91.7%
2014
Adam Jones
91.7%
2015
Adam Jones
91.7%
2016
Anthony Rizzo
91.6%
2014
Anthony Rizzo
91.3%
2015
Anthony Rizzo
91.3%
2016
Josh Donaldson
91.3%
2018
Paul Goldschmidt
91.2%
2018
Edwin Encarnacion
91.2%
2016
Kris Bryant
91%
2017
Josh Donaldson
90.6%
2015
Manny Machado
90.6%
2010
Robinson Cano
90.5%
2012
Robinson Cano
90.5%
2013
Robinson Cano
90.5%
2016
Mark Trumbo
90.3%
2016
Evan Longoria
90.2%
2010
Ryan Howard
89.8%
2011
Ryan Howard
89.8%
2016
Jay Bruce
89.7%
2017
Jose Abreu
89.5%
2016
Adrian Beltre
89.4%
2018
Christian Yelich
89.2%
2010
Mark Teixeira
89.1%
2011
Mark Teixeira
89.1%
2013
Yoenis Cespedes
89.1%
2015
Yoenis Cespedes
89.1%
2015
Mark Teixeira
89.1%
2010
Prince Fielder
89%
2011
Prince Fielder
89%
2012
Prince Fielder
89%
2013
Prince Fielder
89%
2011
Jay Bruce
88.9%
2012
Jay Bruce
88.9%
2013
Jay Bruce
88.9%
2010
Adrian Beltre
88.8%
2011
Adrian Beltre
88.8%
2012
Adrian Beltre
88.8%
2013
Adrian Beltre
88.8%
2011
Evan Longoria
88.3%
2013
Evan Longoria
88.3%
2016
Matt Kemp
88.3%
2010
Matt Kemp
88.2%
2011
Matt Kemp
88.2%
2014
Matt Kemp
88.2%
2010
Troy Tulowitzki
87.7%
2012
Andrew McCutchen
87.6%
2014
Andrew McCutchen
87.6%
2018
Francisco Lindor
87.3%
2017
Cody Bellinger
87%
2017
Francisco Lindor
87%
2010
Josh Hamilton
86.8%
2012
Josh Hamilton
86.8%
2018
Mookie Betts
86.5%
2017
Ryan Zimmerman
86.2%
2017
Jay Bruce
86.2%
2016
Mookie Betts
85.6%
2010
Paul Konerko
85.5%
2011
Curtis Granderson
85.5%
2011
Paul Konerko
85.5%
2012
Curtis Granderson
85.5%
2017
Justin Upton
84.8%
2016
Brian Dozier
84.5%
2010
Adam Dunn
83.2%
2012
Adam Dunn
83.2%
2013
Adam Dunn
83.2%
2017
George Springer
83.1%
2017
Mike Moustakas
82.9%
2011
Mark Trumbo
82.7%
2012
Mark Trumbo
82.7%
2013
Mark Trumbo
82.7%
2017
Charlie Blackmon
82.6%
2018
Michael Conforto
82.5%
2013
Ryan Zimmerman
82.5%
2016
Freddie Freeman
82.4%
2018
Joey Gallo
82.1%
2014
Todd Frazier
81.9%
2015
Todd Frazier
81.9%
2017
Joey Gallo
81.8%
2011
Justin Upton
81.1%
Year
Answer
% Correct
2013
Justin Upton
81.1%
2014
Justin Upton
81.1%
2017
Brian Dozier
80.9%
2018
Trevor Story
80.9%
2018
Justin Upton
80.9%
2012
Melvin Upton
80.9%
2013
Chris Carter
80.7%
2014
Chris Carter
80.7%
2017
Marcell Ozuna
80.1%
2016
Todd Frazier
80.1%
2015
Brian Dozier
79.6%
2018
Charlie Blackmon
79.3%
2016
Chris Carter
79.3%
2012
Alfonso Soriano
78.4%
2013
Alfonso Soriano
78.4%
2018
Matt Carpenter
78.1%
2012
Pedro Alvarez
77.5%
2013
Pedro Alvarez
77.5%
2015
Pedro Alvarez
77.5%
2011
Troy Tulowitzki
77.1%
2013
Troy Tulowitzki
77.1%
2015
Matt Carpenter
76.6%
2012
Carlos Beltran
76.4%
2016
Carlos Santana
74.4%
2010
David Wright
73.6%
2010
Matt Holliday
73.4%
2018
Alex Bregman
72.1%
2017
Gary Sanchez
72.1%
2016
Mike Napoli
72%
2013
Jason Werth
71.7%
2018
Javier Baez
70.9%
2014
Carlos Santana
70.6%
2014
Lucas Duda
70.1%
2015
Lucas Duda
70.1%
2017
Justin Smoak
69.9%
2017
Eric Thames
67.1%
2010
Mark Reynolds
67%
2011
Mark Reynolds
67%
2010
Dan Uggla
65.8%
2011
Dan Uggla
65.8%
2016
Adam Duvall
64.9%
2014
Kyle Seager
64.3%
2016
Evan Gattis
63.9%
2015
Evan Gattis
63.6%
2011
Mike Napoli
63.2%
2017
Logan Morrison
63%
2010
Carlos Pena
62.9%
2018
Eugenio Suarez
62.2%
2016
Rougned Odor
61.4%
2012
Adam LaRoche
61.1%
2014
Adam Laroche
61.1%
2018
Rhys Hoskins
60.2%
2011
JJ Hardy
59%
2013
JJ Hardy
59%
2013
Hunter Pence
58.3%
2011
Jacoby Ellsbury
57.4%
2018
Jesus Aguilar
57%
2011
Ian Kinsler
56.4%
2014
Ian Desmond
56.4%
2010
Chris Young
55.9%
2017
Jonathan Schoop
55.8%
2018
Max Muncy
55.8%
2012
Josh Reddick
54.2%
2012
Chase Headley
52.3%
2018
Matt Olson
51.8%
2012
Billy Butler
50.7%
2010
Corey Hart
50.5%
2012
Corey Hart
50.5%
2018
Travis Shaw
49.4%
2016
Yasmany Tomas
48.7%
2011
Lance Berkman
47.7%
2011
Josh Willingham
47.1%
2012
Josh Willingham
47.1%
2018
David Peralta
46.6%
2013
Brandon Moss
44.3%
2014
Brandon Moss
44.3%
2010
Nick Swisher
43.5%
2010
Rickie Weeks
43.5%
2010
Vernon Wells
42.2%
2018
CJ Cron
41%
2013
Dominic Brown
40.7%
2010
Vladimir Guerrero
39.8%
2013
Raul Ibanez
34.8%
2014
Corey Dickerson
33.4%
2014
Devin Mesoraco
30.4%
2011
Michael Morse
28.6%
2012
Jason Kubel
27.7%
2012
Wilin Rosario
27.7%
2014
Marlon Byrd
23.5%
2010
Luke Scott
16%
Quiz Playlist
Details
Report
Send in Message
Add To Playlist
More Info:
Name the top 30 HR leaders in each year from 2010-2018
Classic:
Type in answers that appear in a list
Last Updated: Oct 29, 2018
Quiz Scoreboard
CHALLENGE
Sign Up to Join the Scoreboard
Show All
Scores
Hide
Comments
May contain spoilers
Recently Published
One Thing in Common: World Cities II
by knightlancer
Geography
7m
Popular People in 1961
by mucciniale
History
6m
1-10 Letter E Words III
by El_Dandy
Language
2m
More to Explore
Quiz From the Vault
Featured Blog Post
Where Did the Easter Bunny Come From?
hide this ad
You Might Also Like...
Tags
Baseball Quiz
MLB Quiz
By Year
Home Runs
HR Leaders
MLB Player
Today's Top Quizzes in Sports
Browse Sports
hide this ad
Today's Top Quizzes in MLB
Browse MLB
Top Contributed Quizzes in Sports
1
2022 World Cup Stars
2
Les entraîneurs de l'OM et du PSG au 21e siècle
3
FIFA Club World Cup Champions
4
Criteria MLB: Left Handed Sluggers
5
Les meilleurs buteurs des matchs entre le PSG et l’OM
6
Name the Premier League winners with different clubs
7
Players with Multiple 50 Home Run Seasons
8
MLB Players with Two .350 Batting Average Seasons
9
La finale Lions - Afrique du Sud 2021
10
MLB Hall of Famer by Rings
Explore More
Trending Topics
Marvel
Crossword
Harry Potter
Kpop
Anime
Disney
NBA
WWE
The Office
Puzzle
NFL
Country
Song
Soccer
Pokémon
hide this ad
More By:
aperronenyy27
Quiz
Plays
Rating
Category
Featured
Created
MLB Awards Voting 2010s
4,304
3.64
Sports
Apr 14, 2016
MLB Yearly ERA Leaders 2010-2017
1,860
4.17
Sports
Mar 14, 2016
MLB Yearly Hits Leaders 2010-2018
977
4.60
Sports
Feb 27, 2016
MLB Yearly Home Run Leaders 2010-2018
935
5.00
Sports
Mar 4, 2016
MLB Yearly Saves Leaders 2010-2017
669
4.17
Sports
Apr 12, 2016
Go to Creator's Profile
Score Distribution
Quiz Creator Spotlight
aperronenyy27
Follow
Send a Message
Quizzes Created
-
Created Quiz Play Count
-
More By This Creator
Popular Quizzes Today
1
Find the US States - No Outlines Minefield
2
The Countries of the World
3
Popular People in 1961
4
Find the Countries of Europe - No Outlines Minefield
5
1-10 Letter E Words III
6
Find the US States
7
One Thing in Common: World Cities II
8
US States
More Sports Quizzes
F1 Red Bull Engines
Quiz Lab
Trending Quizzes
Country Music Stars Doing Things
Get the Picture: Carrie or Dolly
1-10 Letter F Words
1-10 Letter G Words
Risky Map Clicking: Next State Alphabetically
Recently Updated
Leaping Animals
pecheneg
Reality TV Shows (A-Z)
bhenderson79
Rickey Henderson's Hall of Fame Teammates
pecheneg
Champions League XIs: Arsenal
pecheneg
Quick Pick: Celebrities in WWE's Hall of Fame
aduchscher
A-Z Keypad Blitz II
pecheneg
Multiple Oscar Actors
pecheneg
Mystery Phrase Blitz: Oscar 'Best Actors'
pecheneg
F. Scott Fitzgerald Novels
LTH
Pick 3 Villains
ddd62291
Trending Topics
NBA
Marvel
Crossword
Kpop
Harry Potter
Disney
Anime
The Office
Puzzle
NFL
Country
Soccer
Pokémon
Song
WWE
Your Account Isn't Verified!
In order to create a playlist on Sporcle, you need to verify the email address you used during registration. Go to your
Sporcle Settings
to finish the process.
Report this User
Report this user for behavior that violates our
Community Guidelines
.
Details:
Send Report
Go to the Sporcle.com Mobile Site →
Comments